LP! Tracklist (JPEGMAFIA) - Statistics

General Stats
  • This quiz has been taken 43 times
  • The average score is 15 of 20
Answer Stats
# Title % Correct
5 HAZARD DUTY PAY!
90%
3 NEMO!
90%
2 DIRTY!
86%
10 REBOUND! (feat. DATPIFFMAFIA)
86%
1 TRUST!
86%
14 TIRED, NERVOUS & BROKE! (feat. Kimbra)
81%
13 DIKEMBE!
76%
6 GOD DON'T LIKE UGLY!
76%
20 UNTITLED
76%
7 WHAT KINDA RAPPIN' IS THIS?
76%
15 🔥
71%
19 DAM! DAM! DAM!
71%
4 END CREDITS!
71%
16 NICE!
71%
12 OG!
71%
11 💯
67%
17 BMT!
67%
18 THE GHOST OF RANKING DREAD! (feat. Tkay Maidza)
62%
9 ARE U HAPPY?
57%
8 THOTS PRAYER!
57%
No matching quizzes found
Score Distribution
Percent of People with Each Score
Percentile by Number Answered
Your Score History
You have not taken this quiz